000 00349nam a2200133Ia 4500
005 20260328104309.0
008 260328s9999||||xx |||||||||||||| ||und||
100 _aTarjan, Gregor
245 0 _aCatamarans :
_b the complete Guide for cruising sailors /
_cGregor Tarjan
260 _bMcGraw Hill
300 _a290 p.
650 _aMAR
942 _cBK
999 _c10877
_d10877